Chráňme si čo máme ako potreba poistenia majetku - SR a svet - prieskum diplomová práca

Saved in:
Bibliographic Details
Main Author: Beňo, Jozef
Corporate Author: Národohospodárska fakulta EU. Katedra poisťovníctva
Other Authors: Drugdová, Barbora
Format: Book
Language:Slovak
Published: Bratislava 2010
Tags: Add Tag
No Tags, Be the first to tag this record!

MARC

LEADER 00000nam$a2200000$$$4500
001 0118373
005 20240318122252.1
041 0 |a slo 
044 |a SK 
245 1 0 |a Chráňme si čo máme ako potreba poistenia majetku - SR a svet - prieskum  |b diplomová práca  |c Jozef Beňo ; škol. Barbora Drugdová 
264 1 |a Bratislava  |c 2010 
300 |a 72 s. 
100 1 |a Beňo, Jozef 
700 1 |a Drugdová, Barbora 
710 2 |a Národohospodárska fakulta EU. Katedra poisťovníctva